[Event "12th American Continental"]
[Site "Medellin COL"]
[Date "2017.06.11"]
[Round "3.20"]
[White "Sanchez Lizcano, Sebastian Felipe"]
[Black "Mekhitarian, Krikor Sevag"]
[Result "1/2-1/2"]
[WhiteElo "2388"]
[BlackElo "2542"]
[EventDate "2017.06.10"]
[PlyCount "87"]

1.d4 Nf6 2.c4 e6 3.g3 d5 4.Nf3 Bb4+ 5.Bd2 Be7 6.Bg2 O-O 7.O-O Nbd7 8.Qc2 
Ne4 9.Nc3 Nxd2 10.Nxd2 c6 11.e4 dxc4 12.Nxc4 Nb6 13.Ne2 Nxc4 14.Qxc4 Qb6 
15.b3 a5 16.Rfd1 e5 17.dxe5 Bc5 18.Rf1 Be6 19.Qc2 g5 20.Rac1 Ba3 21.Rcd1 
Rad8 22.Nc1 Rd4 23.Ne2 Rdd8 24.h3 a4 25.bxa4 Qb2 26.Qxb2 Bxb2 27.Rb1 Rd2 
28.Nc1 Rfd8 29.Nb3 Rc2 30.Na1 Bxa1 31.Rxa1 Bxa2 32.Rfd1 Rxd1+ 33.Rxd1 c5 
34.Rd8+ Kg7 35.Rd7 Rc1+ 36.Kh2 b6 37.Bf3 Be6 38.Rb7 Rc4 39.Bg4 Bxg4 40.
hxg4 Rxe4 41.Rxb6 Rxa4 42.Rc6 Rxg4 43.Rxc5 Re4 44.f3 1/2-1/2

[Event "12th American Continental"]
[Site "Medellin COL"]
[Date "2017.06.11"]
[Round "3.22"]
[White "Aranha Filho, Alvaro Zimmermann"]
[Black "Vera Siguenas, Deivy"]
[Result "0-1"]
[WhiteElo "2355"]
[BlackElo "2526"]
[EventDate "2017.06.10"]
[PlyCount "180"]

1.d4 Nf6 2.Nf3 g6 3.c4 Bg7 4.Nc3 O-O 5.Bg5 c5 6.e3 cxd4 7.exd4 d5 8.Bxf6 
Bxf6 9.cxd5 Nd7 10.Bc4 Nb6 11.Bb3 Bg4 12.O-O Nc8 13.h3 Bxf3 14.Qxf3 Bxd4 
15.Rad1 Bg7 16.Rd2 Nd6 17.Ne4 Rc8 18.Nxd6 Qxd6 19.Qe3 Rc5 20.Re2 Rfc8 21.
g3 Bf6 22.h4 a5 23.a4 h5 24.Rd1 Kg7 25.Qd3 Rc1 26.Rxc1 Rxc1+ 27.Kg2 Qb4 
28.Re4 Qb6 29.Re2 Qc5 30.Rc2 Rxc2 31.Qxc2 Qb4 32.Kf1 b5 33.axb5 Qxb5+ 34.
Kg2 Qb4 35.Kf1 Bd4 36.Qc4 Qxc4+ 37.Bxc4 Bxb2 38.Bb3 f6 39.f4 g5 40.f5 Bc1 
41.Kg2 Bd2 42.Kh3 Be1 43.Ba4 Kf7 44.Bb5 g4+ 45.Kg2 e6 46.dxe6+ Ke7 47.Ba4 
Bb4 48.Kf2 Kd6 49.Ke2 Ke5 50.Bc2 Kd4 51.Ba4 Ke5 52.Bc2 Bd6 53.Ke3 Be7 54.
Ke2 Bc5 55.Kd2 Kd4 56.Ba4 Ke4 57.Ke2 Kxf5 58.Bb3 Be7 59.Ke3 Ke5 60.Ke2 f5 
61.Ke3 Bd8 62.Ba4 Bb6+ 63.Ke2 Kxe6 64.Be8 Bc7 65.Kf2 Bd6 66.Kg2 Bc7 67.Kf2
Bb8 68.Kg2 Ke7 69.Ba4 Bd6 70.Kf2 Bc5+ 71.Kg2 Bd4 72.Bc2 Kf6 73.Ba4 Be5 74.
Kf2 Bd4+ 75.Kg2 Kg7 76.Bc2 Bf6 77.Ba4 f4 78.gxf4 Bxh4 79.Be8 Kh6 80.Bd7 
Be1 81.Kh2 Kg6 82.Kg2 Kf6 83.Kh2 Ke7 84.Ba4 Ke6 85.Bc2 h4 86.f5+ Ke5 87.
Kg2 Bc3 88.Kh2 Kf4 89.Kg2 Be5 90.Kf2 h3 0-1

[Event "12th American Continental"]
[Site "Medellin COL"]
[Date "2017.06.11"]
[Round "3.23"]
[White "Cuartas Medina, Jaime Alexander"]
[Black "Rios Parra, Alejandro"]
[Result "1-0"]
[WhiteElo "2492"]
[BlackElo "2345"]
[EventDate "2017.06.10"]
[PlyCount "114"]

1.e4 e5 2.Nf3 Nc6 3.Bb5 a6 4.Ba4 Nf6 5.O-O Be7 6.Re1 b5 7.Bb3 O-O 8.c3 d6 
9.h3 Na5 10.Bc2 c5 11.d4 Qc7 12.d5 Nc4 13.a4 Bd7 14.b3 Nb6 15.a5 Nc8 16.c4
h6 17.Nc3 Nh7 18.Bd2 Bd8 19.Be3 Bf6 20.Bd3 b4 21.Ne2 Ne7 22.Ra2 Ng6 23.Ng3
Qd8 24.Nf5 Bc8 25.Qc1 Ra7 26.g3 Re8 27.h4 Ne7 28.Bd2 Kh8 29.Kg2 Ng8 30.Qc2
Be7 31.Nxe7 Nxe7 32.Nh2 Rf8 33.f4 exf4 34.gxf4 Ng6 35.h5 Nh4+ 36.Kh1 Nf6 
37.Qd1 Bh3 38.Re3 Bg2+ 39.Kg1 Re8 40.e5 dxe5 41.Be1 Nxd5 42.cxd5 Bxd5 43.
Bb1 Rd7 44.Bxh4 Qxh4 45.Qg4 Qxg4+ 46.Nxg4 Be6 47.f5 Rd1+ 48.Kg2 Rxb1 49.
fxe6 Rxe6 50.Nxe5 Kh7 51.Rae2 Re7 52.Nc4 Rxe3 53.Rxe3 g6 54.Re7 Kg7 55.
hxg6 Kxg6 56.Rc7 Rxb3 57.Rc6+ Kg5 1-0

[Event "12th American Continental"]
[Site "Medellin COL"]
[Date "2017.06.11"]
[Round "3.25"]
[White "Arenas Vanegas, David"]
[Black "Cardoso Cardoso, Jose Gabriel"]
[Result "1/2-1/2"]
[WhiteElo "2488"]
[BlackElo "2134"]
[EventDate "2017.06.10"]
[PlyCount "66"]

1.e4 c5 2.Nf3 d6 3.d4 cxd4 4.Nxd4 Nf6 5.Nc3 a6 6.Be2 e5 7.Nb3 Be7 8.O-O 
O-O 9.Re1 Be6 10.Bf3 Nbd7 11.a4 Qc7 12.Nd2 Rfd8 13.Nf1 Qc5 14.Be3 Qb4 15.
Qb1 b5 16.axb5 axb5 17.Nd2 Nc5 18.Nd5 Bxd5 19.exd5 Na4 20.Nb3 Qc4 21.Nd2 
Qb4 22.Nb3 Qc4 23.Bg5 Rdc8 24.Be2 Qxc2 25.Qxc2 Rxc2 26.Bxb5 Nb6 27.Rxa8+ 
Nxa8 28.Bxf6 Bxf6 29.Rc1 Rxc1+ 30.Nxc1 Nb6 31.Bc6 e4 32.Ne2 Bxb2 33.Ng3 e3
1/2-1/2

[Event "12th American Continental"]
[Site "Medellin COL"]
[Date "2017.06.11"]
[Round "3.34"]
[White "Thavandiran, Shiyam"]
[Black "Ruiz Aguilar, Pablo Alexander"]
[Result "1/2-1/2"]
[WhiteElo "2363"]
[BlackElo "2206"]
[EventDate "2017.06.10"]
[PlyCount "95"]

1.e4 c5 2.Nf3 e6 3.d4 cxd4 4.Nxd4 a6 5.Bd3 Qc7 6.O-O Nf6 7.a4 d5 8.exd5 
Nxd5 9.Re1 Be7 10.c3 Nf6 11.Qf3 O-O 12.Bf4 Bd6 13.Bxd6 Qxd6 14.Nd2 Nbd7 
15.Nc4 Qc7 16.Bf1 Nb6 17.Ne5 Nbd7 18.Nc4 Nb6 19.Ne5 Nbd7 20.Nxd7 Bxd7 21.
a5 Rac8 22.Qg3 Qxg3 23.hxg3 Rc5 24.f3 Rfc8 25.g4 Kf8 26.Kf2 Rd5 27.Red1 e5
28.Nf5 Rxd1 29.Rxd1 Bxf5 30.gxf5 Ke7 31.c4 Ne8 32.Rd5 f6 33.c5 Rd8 34.Bc4 
Nc7 35.Rxd8 Kxd8 36.Bd3 Kc8 37.Be4 Nb5 38.c6 bxc6 39.Bxc6 Nd4 40.Bd5 Kc7 
41.g4 Nc6 42.Bc4 Nxa5 43.Bxa6 Kb6 44.Bc8 Nc4 45.b3 Nd6 46.Be6 Kc5 47.Ke3 
g5 48.fxg6 1/2-1/2

[Event "12th American Continental"]
[Site "Medellin COL"]
[Date "2017.06.11"]
[Round "3.36"]
[White "Baules, Jorge"]
[Black "Posada Zuluaga, Juan Manuel"]
[Result "1/2-1/2"]
[WhiteElo "2355"]
[BlackElo "2153"]
[EventDate "2017.06.10"]
[PlyCount "64"]

1.e4 c5 2.c3 Nf6 3.e5 Nd5 4.d4 cxd4 5.Nf3 Nc6 6.cxd4 d6 7.Bc4 Nb6 8.Bb5 d5
9.O-O Bg4 10.h3 Bd7 11.Nc3 e6 12.Be3 Be7 13.Rc1 Na5 14.Bd3 Nac4 15.Qe2 O-O
16.b3 Nxe3 17.fxe3 f5 18.exf6 Bxf6 19.Qc2 g6 20.Ne2 Qe7 21.Qc5 Qg7 22.Nf4 
Be7 23.Qc7 Rab8 24.Qc3 Bd6 25.Ne5 Rbc8 26.Qb2 Qe7 27.Qe2 Rxc1 28.Rxc1 Qf6 
29.Qb2 g5 30.Nh5 Qh6 31.Nxd7 Nxd7 32.Qe2 Nf6 1/2-1/2

[Event "12th American Continental"]
[Site "Medellin COL"]
[Date "2017.06.11"]
[Round "3.37"]
[White "Obando Guzman, Soren Federico"]
[Black "Mendoza Vega, Rafael"]
[Result "1/2-1/2"]
[WhiteElo "1964"]
[BlackElo "2293"]
[EventDate "2017.06.10"]
[PlyCount "104"]

1.d4 Nf6 2.c4 e6 3.Nf3 Bb4+ 4.Nbd2 c5 5.a3 Bxd2+ 6.Qxd2 d6 7.g3 O-O 8.Bg2 
Nc6 9.b4 Qe7 10.b5 Nb8 11.dxc5 dxc5 12.Bb2 Nbd7 13.Qf4 Ne8 14.Rd1 f6 15.
O-O e5 16.Qe4 Nb6 17.Nd2 Nd6 18.Qc2 Bf5 19.Qb3 Be6 20.Rc1 Qf7 21.f4 e4 22.
Nxe4 Nxe4 23.Bxe4 Bxc4 24.Qc2 f5 25.Bf3 Rac8 26.a4 Bb3 27.Qc3 Nxa4 28.Qe3 
Nxb2 29.Rb1 Rfe8 30.Qc3 Bd5 31.Rxb2 Bxf3 32.Rxf3 b6 33.Rd2 Rcd8 34.Rfd3 
Rxd3 35.Qxd3 Qe6 36.Kf2 Kf8 37.e3 Qe4 38.Qc3 Qe6 39.Rd3 h6 40.Qa3 Re7 41.
Rd8+ Kf7 42.Qd3 Qe4 43.Qb3+ Kg6 44.Rd6+ Kh7 45.Rd8 c4 46.Qc3 Rc7 47.Rd4 
Qb1 48.Rd5 Qh1 49.Qe5 Qxh2+ 50.Kf3 Rf7 51.Rd8 Qh5+ 52.Kf2 Qh2+ 1/2-1/2

[Event "12th American Continental"]
[Site "Medellin COL"]
[Date "2017.06.11"]
[Round "3.38"]
[White "Blandon Villa, Luis Guillermo"]
[Black "Henao, Bernardo Andres"]
[Result "0-1"]
[WhiteElo "2269"]
[BlackElo "2059"]
[EventDate "2017.06.10"]
[PlyCount "146"]

1.e4 e5 2.Nf3 Nf6 3.Nxe5 d6 4.Nf3 Nxe4 5.d4 d5 6.Bd3 Bd6 7.O-O O-O 8.c4 c6
9.cxd5 cxd5 10.Nc3 Re8 11.Re1 Nxc3 12.Rxe8+ Qxe8 13.bxc3 Nd7 14.Bd2 Nf8 
15.Qb3 Qd8 16.Re1 b6 17.Ne5 Be6 18.f4 f6 19.Nf3 Bf7 20.g3 Qd7 21.Nh4 Re8 
22.Rxe8 Qxe8 23.Nf5 Bb8 24.Qb5 Qxb5 25.Ne7+ Kh8 26.Bxb5 Bd6 27.Nc8 Ba3 28.
Nxa7 Be6 29.Bc6 Ng6 30.Nb5 Ne7 31.Bb7 Bb2 32.Nc7 Bf7 33.a4 Kg8 34.Kf2 Kf8 
35.Na8 Ke8 36.Nxb6 Kd8 37.Ba6 Kc7 38.a5 Nc6 39.Na4 Ba3 40.f5 Nxa5 41.Bb5 
Nb7 42.Bf4+ Bd6 43.Bxd6+ Kxd6 44.Ba6 Nd8 45.Nc5 Nc6 46.Ke3 g6 47.g4 g5 48.
Bc8 h5 49.h3 h4 50.Bd7 Na5 51.Bb5 Bg8 52.Nd7 Ke7 53.Kd3 Bf7 54.Nb6 Kd6 55.
Na4 Nc4 56.Bxc4 dxc4+ 57.Ke3 Kc6 58.Nc5 Kd6 59.Ne4+ Ke7 60.d5 Bxd5 61.Kd4 
Bb7 62.Nf2 Kd6 63.Kxc4 Ke5 64.Nd3+ Ke4 65.Nc5+ Kf3 66.Nxb7 Kg2 67.Kb5 Kxh3
68.c4 Kxg4 69.c5 h3 70.c6 h2 71.c7 h1=Q 72.c8=Q Qb1+ 73.Kc6 Qxf5 0-1

[Event "12th American Continental"]
[Site "Medellin COL"]
[Date "2017.06.11"]
[Round "3.39"]
[White "Gallego Alcaraz, Andres Felipe"]
[Black "Arboleda Orozco, Juan Manuel"]
[Result "1-0"]
[WhiteElo "2453"]
[BlackElo "1927"]
[EventDate "2017.06.10"]
[PlyCount "127"]

1.d4 Nf6 2.c4 c5 3.d5 g6 4.Nc3 d6 5.e4 Bg7 6.Nf3 O-O 7.Be2 e6 8.O-O exd5 
9.exd5 Bg4 10.h3 Bxf3 11.Bxf3 Nfd7 12.Be2 f5 13.f4 Nf6 14.Bf3 Re8 15.Re1 
Nbd7 16.Bd2 Nf8 17.Qb3 Qd7 18.Rxe8 Rxe8 19.Re1 Rxe1+ 20.Bxe1 Qe7 21.Bf2 
Ne4 22.Bxe4 fxe4 23.Ne2 e3 24.Bxe3 Bxb2 25.Kf2 Bg7 26.Ng3 Qf7 27.Ne4 Qe7 
28.Kf3 Nd7 29.Ng5 Qf6 30.Ne6 Nb6 31.Qb5 Qe7 32.Ke4 Qd7 33.Qxd7 Nxd7 34.Nd8
Nb6 35.Kd3 Na4 36.Bc1 Bb2 37.Bxb2 Nxb2+ 38.Kc3 Nd1+ 39.Kb3 b5 40.cxb5 Ne3 
41.Nc6 Nxd5 42.Nxa7 Kf8 43.Nc8 Ke8 44.Nxd6+ Kd7 45.Ne4 Nxf4 46.g3 Nxh3 47.
Kc4 h5 48.Kxc5 Kc8 49.a4 g5 50.a5 h4 51.a6 hxg3 52.Nxg3 Nf4 53.Kc6 Kb8 54.
b6 Ne6 55.a7+ Ka8 56.Ne4 g4 57.Kd7 g3 58.Kc8 Nd8 59.Nxg3 Nc6 60.Kc7 Na5 
61.Ne4 Nb7 62.Nd6 Nd8 63.Nb5 Nc6 64.b7# 1-0

[Event "12th American Continental"]
[Site "Medellin COL"]
[Date "2017.06.11"]
[Round "3.43"]
[White "Palencia Morales, Wilson Guillermo"]
[Black "Lotero Correa, Faiber"]
[Result "1/2-1/2"]
[WhiteElo "2343"]
[BlackElo "2092"]
[EventDate "2017.06.10"]
[PlyCount "46"]

1.d4 Nf6 2.Nc3 c5 3.d5 g6 4.e4 d6 5.Bb5+ Bd7 6.a4 Bxb5 7.axb5 a5 8.Nf3 Bg7
9.O-O Nbd7 10.Bf4 Nh5 11.Be3 O-O 12.Qc1 Re8 13.Bh6 Bh8 14.Nd2 Bxc3 15.bxc3
Ne5 16.h3 e6 17.Ra4 Qh4 18.Nc4 Nxc4 19.Rxc4 f6 20.Qd1 e5 21.Qg4 Qxg4 22.
hxg4 Ng7 23.Ra4 b6 1/2-1/2

[Event "12th American Continental"]
[Site "Medellin COL"]
[Date "2017.06.11"]
[Round "3.49"]
[White "Sanchez, Jorge"]
[Black "Hernandez Montes, Jhon Sebastian"]
[Result "1/2-1/2"]
[WhiteElo "2092"]
[BlackElo "2292"]
[EventDate "2017.06.10"]
[PlyCount "46"]

1.e4 c5 2.Nf3 d6 3.d4 cxd4 4.Nxd4 Nf6 5.Nc3 g6 6.Be3 Bg7 7.f3 Nc6 8.Qd2 
O-O 9.O-O-O Bd7 10.Bc4 Na5 11.Be2 Rb8 12.h4 b5 13.Bh6 Nc4 14.Bxc4 bxc4 15.
h5 Qb6 16.b3 cxb3 17.axb3 Qa5 18.Bxg7 Qa1+ 19.Nb1 Kxg7 20.hxg6 fxg6 21.Qg5
Ng8 22.Qd5 Nf6 23.Qg5 Ng8 1/2-1/2

[Event "12th American Continental"]
[Site "Medellin COL"]
[Date "2017.06.11"]
[Round "3.50"]
[White "Franco Valencia, Angela Maria"]
[Black "Cueto, Jose"]
[Result "1-0"]
[WhiteElo "2286"]
[BlackElo "2071"]
[EventDate "2017.06.10"]
[PlyCount "112"]

1.e4 c5 2.Nf3 Nc6 3.d4 cxd4 4.Nxd4 Nf6 5.Nc3 e5 6.Ndb5 d6 7.Bg5 a6 8.Na3 
b5 9.Nd5 Be7 10.Bxf6 Bxf6 11.c3 Ne7 12.Nc2 Bb7 13.a4 Nxd5 14.exd5 O-O 15.
axb5 axb5 16.Bxb5 Rxa1 17.Nxa1 Qa5 18.Bc4 Rc8 19.Bb3 Rc5 20.O-O Bxd5 21.
Bxd5 Rxd5 22.b4 Qa2 23.Qg4 g6 24.Qf3 Kg7 25.Nc2 Qb3 26.Ne3 Rd2 27.c4 Rd3 
28.b5 Bg5 29.h4 Bxe3 30.fxe3 f5 31.Qb7+ Kh6 32.Qf7 Rxe3 33.Rxf5 Qb1+ 34.
Rf1 Qe4 35.Qf6 Rg3 36.Rf2 Rg4 37.h5 Qxc4 38.hxg6 Qc1+ 39.Kh2 Rxg6 40.Qf8+ 
Kg5 41.Qf5+ Kh6 42.b6 Qc6 43.Qb1 Qb7 44.Qc1+ Kh5 45.Qc3 Rg4 46.Rf3 Kg6 47.
Qb3 d5 48.Qb5 Rf4 49.Qe8+ Kf5 50.Qf8+ Ke4 51.Qb4+ d4 52.Qb1+ Kd5 53.Ra3 
Rf6 54.Qb5+ Ke4 55.Qe2+ Kd5 56.Ra5+ Kc6 1-0

[Event "12th American Continental"]
[Site "Medellin COL"]
[Date "2017.06.11"]
[Round "3.53"]
[White "Estrada Nieto, Julian"]
[Black "Zapata Hincapie, Jhon Alexander"]
[Result "1/2-1/2"]
[WhiteElo "2263"]
[BlackElo "2055"]
[EventDate "2017.06.10"]
[PlyCount "42"]

1.e4 c5 2.Nf3 d6 3.Bb5+ Nd7 4.O-O Nf6 5.Re1 a6 6.Bd3 g6 7.c3 Bg7 8.Bc2 e5 
9.d4 Qc7 10.a4 O-O 11.Na3 b6 12.dxe5 Nxe5 13.Nxe5 dxe5 14.Nc4 Be6 15.Qe2 
h6 16.Ne3 c4 17.h3 Kh7 18.Bd2 b5 19.Ra3 Rfd8 20.axb5 axb5 21.Rea1 Qc6 
1/2-1/2

[Event "12th American Continental"]
[Site "Medellin COL"]
[Date "2017.06.11"]
[Round "3.54"]
[White "Okamura, Milton Kasuo"]
[Black "Hernandez Cigaran, Cristian Andres"]
[Result "1/2-1/2"]
[WhiteElo "2085"]
[BlackElo "2259"]
[EventDate "2017.06.10"]
[PlyCount "86"]

1.d4 Nf6 2.c4 e6 3.Nc3 Bb4 4.e3 b6 5.Ne2 Ba6 6.a3 Bxc3+ 7.Nxc3 d5 8.b3 O-O
9.Be2 Nc6 10.O-O dxc4 11.bxc4 Na5 12.Qa4 Qe8 13.Nb5 Qd7 14.Rd1 Bb7 15.Qb4 
Rfc8 16.f3 Ne8 17.Bb2 Nd6 18.e4 Nxb5 19.cxb5 c6 20.a4 Rc7 21.Bc1 cxb5 22.
Bf4 Rcc8 23.axb5 Rd8 24.Rac1 Rac8 25.Rxc8 Rxc8 26.Qd6 Qxd6 27.Bxd6 Rd8 28.
Bc7 Rc8 29.Bf4 Kf8 30.Kf1 Ke8 31.Ke1 Nb3 32.Be3 Rc3 33.Bd3 a5 34.bxa6 Bxa6
35.Bxa6 Rxe3+ 36.Kf2 Rc3 37.d5 exd5 38.Rxd5 Nc5 39.Bb5+ Ke7 40.h4 Rb3 41.
Bc6 Rc3 42.Bb5 Rb3 43.Bc6 Rc3 1/2-1/2

[Event "12th American Continental"]
[Site "Medellin COL"]
[Date "2017.06.11"]
[Round "3.55"]
[White "Vittorino Ocampo, Carlo Giovanni"]
[Black "Buitrago Grajales, Juan Carlos"]
[Result "1/2-1/2"]
[WhiteElo "2257"]
[BlackElo "2035"]
[EventDate "2017.06.10"]
[PlyCount "50"]

1.d4 Nf6 2.c4 g6 3.Nc3 Bg7 4.e4 d6 5.Nf3 O-O 6.h3 e5 7.d5 a5 8.Bg5 h6 9.
Be3 Na6 10.Nd2 Nc5 11.g4 Kh7 12.Be2 Ng8 13.Qc2 Bf6 14.h4 Kg7 15.h5 Bg5 16.
Nf1 f5 17.gxf5 gxf5 18.Rg1 f4 19.Bd2 Kh8 20.O-O-O Nf6 21.Nh2 Rg8 22.Nf3 
Nh7 23.Na4 Nxa4 24.Qxa4 Bd7 25.Qc2 b6 1/2-1/2

[Event "12th American Continental"]
[Site "Medellin COL"]
[Date "2017.06.11"]
[Round "3.57"]
[White "Dominguez Rincon, Miller"]
[Black "Del Castilho, Martyn"]
[Result "1/2-1/2"]
[WhiteElo "2066"]
[BlackElo "2254"]
[EventDate "2017.06.10"]
[PlyCount "92"]

1.e4 e5 2.Nf3 Nc6 3.Bb5 a6 4.Ba4 Nf6 5.O-O Be7 6.Re1 b5 7.Bb3 d6 8.c3 O-O 
9.h3 Bb7 10.d4 Re8 11.Ng5 Rf8 12.Nf3 Nd7 13.a4 Na5 14.Bc2 c5 15.d5 c4 16.
Be3 Qc7 17.axb5 axb5 18.Na3 Ba6 19.Bb1 Nb3 20.Ra2 Nbc5 21.Qd2 Rfb8 22.Bc2 
Qc8 23.Nh2 Nf6 24.f3 Rb7 25.Bb1 Nfd7 26.Nc2 Nd3 27.Rf1 Bd8 28.Nb4 Nxb4 29.
cxb4 Rbb8 30.Bc2 Bb7 31.Raa1 Rxa1 32.Rxa1 Ra8 33.Qe1 f5 34.Nf1 f4 35.Bf2 
Kf8 36.Ra3 Rxa3 37.bxa3 Qa8 38.Qa1 Nb6 39.Nd2 Bc8 40.Nb1 Bd7 41.Qc3 g5 42.
Kf1 h5 43.Ke2 Qa6 44.Kd1 Nc8 45.Qe1 Bb6 46.Qg1 Qa7 1/2-1/2

[Event "12th American Continental"]
[Site "Medellin COL"]
[Date "2017.06.11"]
[Round "3.62"]
[White "Florez, Carlos Julio"]
[Black "Rodriguez Rivera, Pedro"]
[Result "0-1"]
[WhiteElo "2039"]
[BlackElo "2228"]
[EventDate "2017.06.10"]
[PlyCount "144"]

1.d4 Nf6 2.Nf3 d6 3.c4 Nbd7 4.Nc3 e5 5.e3 Be7 6.Be2 O-O 7.O-O Re8 8.b3 c6 
9.Bb2 Qc7 10.Rc1 a6 11.h3 Qb8 12.a4 a5 13.Qc2 g6 14.Rfd1 Bf8 15.Ba3 Qc7 
16.Rd2 exd4 17.Nxd4 Nc5 18.Bf3 Bd7 19.Qd1 Rad8 20.Qf1 Bc8 21.Rcd1 Nfd7 22.
Re1 Bg7 23.Bd1 Nf8 24.Bc2 Qe7 25.Red1 f5 26.b4 axb4 27.Bxb4 Qc7 28.Ndb5 
cxb5 29.Nxb5 Qe7 30.Nxd6 Nfe6 31.Nxe8 Rxe8 32.a5 Qc7 33.Rd5 b6 34.axb6 
Qxb6 35.Rb1 Qc7 36.Qd1 Ba6 37.Ba4 Nxa4 38.Qxa4 Qc8 39.Rd6 Bb7 40.c5 Bd5 
41.Rd1 Be5 42.Ra6 Bb3 43.Qxb3 Qxa6 44.f4 Bc7 45.Qc3 Qc6 46.Ba3 Rd8 47.
Rxd8+ Bxd8 48.Bb2 Kf7 49.Qh8 Nf8 50.Qg7+ Ke8 51.Bd4 Qc7 52.Qh8 Be7 53.Qg8 
Qc6 54.Qb3 Bxc5 55.Qc4 Ne6 56.Bxc5 Nxc5 57.Qg8+ Kd7 58.Qxh7+ Kc8 59.Qg8+ 
Kb7 60.Qf7+ Kb6 61.Qc4 Qe6 62.Qxe6+ Nxe6 63.g4 Kc6 64.Kf2 Kd5 65.Kf3 Nc5 
66.gxf5 gxf5 67.h4 Ke6 68.h5 Kf6 69.e4 Nxe4 70.Ke3 Kg7 71.Kd4 Kh6 72.Ke5 
Ng3 0-1

[Event "12th American Continental"]
[Site "Medellin COL"]
[Date "2017.06.11"]
[Round "3.64"]
[White "Torres Rojas, Yuber Andres"]
[Black "Brizuela Abreu, Reivis Gabriel"]
[Result "0-1"]
[WhiteElo "2022"]
[BlackElo "2219"]
[EventDate "2017.06.10"]
[PlyCount "110"]

1.e4 e6 2.d4 d5 3.Bd3 Nf6 4.e5 Nfd7 5.Nf3 c5 6.c3 Nc6 7.O-O g6 8.a3 Qb6 9.
Bc2 Bg7 10.b4 cxb4 11.cxb4 O-O 12.Nc3 f6 13.exf6 Nxf6 14.Bb2 a6 15.h3 Nh5 
16.Na4 Qc7 17.Nc5 Nf4 18.Nd3 Nxd3 19.Qxd3 Bd7 20.Rac1 Bh6 21.Rcd1 Rac8 22.
Bb1 Nd8 23.Qe2 Ba4 24.Rde1 Bb5 25.Bd3 Bxd3 26.Qxd3 Qc2 27.Qe2 Rf7 28.Ne5 
Rfc7 29.Ng4 Bg7 30.Ne3 Qe4 31.Ng4 Qf5 32.Qe3 Kh8 33.Rc1 Rxc1 34.Rxc1 Rxc1+
35.Qxc1 Nc6 36.Ne5 Nxe5 37.dxe5 h5 38.Qc3 h4 39.Qd4 Kg8 40.Bc3 g5 41.Qg4 
Kf7 42.Qh5+ Qg6 43.Qf3+ Ke8 44.Qe3 Qb1+ 45.Kh2 Qf5 46.Bd4 Kf7 47.Qc3 g4 
48.hxg4 Qxg4 49.a4 Bh6 50.Qd3 Bf4+ 51.Kg1 Qf5 52.Qd1 Bxe5 53.Bxe5 Qxe5 54.
Qc2 Qe1+ 55.Kh2 Qxb4 0-1

[Event "12th American Continental"]
[Site "Medellin COL"]
[Date "2017.06.11"]
[Round "3.65"]
[White "Pachon, Adriana"]
[Black "Castrillon Gomez, Melissa"]
[Result "1/2-1/2"]
[WhiteElo "2006"]
[BlackElo "2210"]
[EventDate "2017.06.10"]
[PlyCount "91"]

1.b3 e5 2.Bb2 Nc6 3.e3 a6 4.c4 d6 5.Nf3 f5 6.Be2 Nf6 7.O-O g6 8.d4 e4 9.
Ng5 Bg7 10.f3 Ng4 11.fxg4 Qxg5 12.Rf4 O-O 13.Nc3 Nxd4 14.h4 Nxe2+ 15.Nxe2 
Qe7 16.Bxg7 Kxg7 17.Qd4+ Qe5 18.gxf5 Bxf5 19.g4 c5 20.Qc3 Qxc3 21.Nxc3 Bd7
22.Rxe4 Rae8 23.Rd1 Bc6 24.Rxe8 Rxe8 25.Rd3 Kf7 26.Kf2 Ke6 27.Nd5 Ke5 28.
g5 Bxd5 29.Rxd5+ Ke6 30.Rd2 b5 31.Rc2 Ke5 32.Ke2 Rf8 33.Rc1 Ke4 34.Rd1 Rf3
35.Rxd6 Rxe3+ 36.Kd2 Rh3 37.Rxa6 Rh2+ 38.Kc1 b4 39.Rd6 Rxh4 40.Rd5 Rh1+ 
41.Kc2 Rh2+ 42.Kb1 Rf2 43.Rxc5 Kd4 44.Rd5+ Kc3 45.Rd1 Rb2+ 46.Ka1 1/2-1/2

[Event "12th American Continental"]
[Site "Medellin COL"]
[Date "2017.06.11"]
[Round "3.67"]
[White "Zapata Arbelaez, Estiven"]
[Black "Vasquez Garrido, Nuremberg"]
[Result "1-0"]
[WhiteElo "2202"]
[BlackElo "1987"]
[EventDate "2017.06.10"]
[PlyCount "67"]

1.d4 Nf6 2.c4 c5 3.d5 b5 4.cxb5 a6 5.bxa6 g6 6.Nc3 Bg7 7.e4 O-O 8.Nf3 Qa5 
9.Bd3 Nxd5 10.Bd2 Nxc3 11.Qc2 Bxa6 12.Bxc3 Bxc3+ 13.bxc3 Nc6 14.O-O Rfb8 
15.h4 c4 16.Be2 Qa3 17.Rfb1 d6 18.h5 Qc5 19.hxg6 hxg6 20.Qd2 Ne5 21.g3 Nd3
22.Bxd3 cxd3 23.Kg2 Rc8 24.Rc1 Kg7 25.Rh1 Rh8 26.Rac1 Bc4 27.a4 Qc6 28.Qe3
e5 29.Nh4 Rag8 30.a5 d5 31.Rb1 Bb5 32.Qg5 Qe8 33.Rxb5 Qxb5 34.Nf5+ 1-0

[Event "12th American Continental"]
[Site "Medellin COL"]
[Date "2017.06.11"]
[Round "3.68"]
[White "Cordero Loup, Ely Daniela"]
[Black "Arango Arenas, Juan Camilo"]
[Result "1/2-1/2"]
[WhiteElo "1979"]
[BlackElo "2198"]
[EventDate "2017.06.10"]
[PlyCount "60"]

1.d4 Nf6 2.Nf3 g6 3.c4 c5 4.g3 Bg7 5.Bg2 O-O 6.O-O cxd4 7.Nxd4 Nc6 8.Nc3 
Nxd4 9.Qxd4 d6 10.Qd3 Bf5 11.e4 Be6 12.Nd5 Bxd5 13.cxd5 Nd7 14.Be3 Qa5 15.
b4 Ne5 16.bxa5 Nxd3 17.Rab1 b6 18.Bh3 Rfb8 19.Bd7 bxa5 20.Bc6 Rxb1 21.Rxb1
Rc8 22.Rb7 Nb4 23.a4 Bc3 24.Bd7 Ra8 25.Bxa7 Bf6 26.Kf1 Kg7 27.Ke2 Nc2 28.
Kd3 Ne1+ 29.Ke2 Nc2 30.Kd3 Ne1+ 1/2-1/2

[Event "12th American Continental"]
[Site "Medellin COL"]
[Date "2017.06.11"]
[Round "3.69"]
[White "Castaneda, Jhon David"]
[Black "Nino Penaloza, Cesar Gerardo"]
[Result "1-0"]
[WhiteElo "2195"]
[BlackElo "1972"]
[EventDate "2017.06.10"]
[PlyCount "69"]

1.d4 d5 2.Nf3 Nf6 3.c4 c6 4.e3 e6 5.Nbd2 Bb4 6.a3 Ba5 7.Bd3 Nbd7 8.O-O Bc7
9.e4 dxe4 10.Nxe4 Nxe4 11.Bxe4 h6 12.Bc2 Nf6 13.b3 b6 14.Bb2 Bb7 15.Re1 
O-O 16.Qd3 g6 17.Ne5 Bxe5 18.Rxe5 Qe7 19.Rae1 Rad8 20.Qg3 Kh7 21.h4 Rg8 
22.h5 Bc8 23.Qh4 Nd5 24.hxg6+ fxg6 25.Qe4 Nf6 26.Qxc6 Ng4 27.Rh5 Qf7 28.f3
Rdf8 29.Qd6 Kg7 30.d5+ e5 31.Rexe5 Nxe5 32.Rxe5 Kh7 33.Re7 Rg7 34.Rxf7 
Rgxf7 35.Bxg6+ 1-0

[Event "12th American Continental"]
[Site "Medellin COL"]
[Date "2017.06.11"]
[Round "3.70"]
[White "Silva, Jorge"]
[Black "Lora Jaramillo, Joel Fernando"]
[Result "0-1"]
[WhiteElo "1977"]
[BlackElo "2193"]
[EventDate "2017.06.10"]
[PlyCount "120"]

1.e4 e5 2.Nf3 Nc6 3.Bb5 Nf6 4.O-O Nxe4 5.d4 Nd6 6.Bxc6 dxc6 7.dxe5 Nf5 8.
Qxd8+ Kxd8 9.Nc3 h6 10.h3 Bd7 11.b3 Be7 12.Bb2 Re8 13.Ne4 b6 14.Rad1 Kc8 
15.g4 Nh4 16.Nxh4 Bxh4 17.f4 a5 18.a4 f5 19.exf6 Rxe4 20.f7 Be7 21.Bxg7 
Bc5+ 22.Kg2 h5 23.Kg3 Re3+ 24.Rf3 h4+ 25.Kg2 Re2+ 26.Kf1 Rxc2 27.f5 b5 28.
Rfd3 Bxf5 29.Rd8+ Kb7 30.Rxa8 Kxa8 31.Bd4 Be6 32.Bxc5 Bxf7 33.Bf2 Bxb3 34.
Rd8+ Kb7 35.Bxh4 Rh2 36.Bg3 Rxh3 37.Kg2 Rh7 38.g5 Rg7 39.Bf4 b4 40.Kg3 Be6
41.Re8 Bd5 42.Kg4 b3 43.Be5 Rg8 44.Re7 Kb6 45.Bxc7+ Kc5 46.Be5 Rf8 47.g6 
Rf2 48.g7 Rg2+ 49.Bg3 Kc4 50.Kh3 b2 51.Rb7 Rxg3+ 52.Kxg3 Kc3 53.Rb6 c5 54.
Rb5 c4 55.Rxd5 b1=Q 56.Rg5 Qb8+ 57.Kg4 Qg8 58.Kf5 Kd4 59.Kf6 c3 60.Kg6 c2 
0-1

[Event "12th American Continental"]
[Site "Medellin COL"]
[Date "2017.06.11"]
[Round "3.71"]
[White "Madeira, Wagner Martins"]
[Black "Barria Baker, Raisa Melissa"]
[Result "1-0"]
[WhiteElo "2185"]
[BlackElo "1971"]
[EventDate "2017.06.10"]
[PlyCount "73"]

1.e4 e6 2.d4 d5 3.Nc3 Nf6 4.Bg5 Be7 5.e5 Nfd7 6.Bxe7 Qxe7 7.Qd2 a6 8.f4 c5
9.Nf3 Nc6 10.O-O-O b5 11.dxc5 O-O 12.Bd3 f6 13.exf6 Nxf6 14.Qf2 Nb4 15.
Rhe1 Qc7 16.Ne5 Nxd3+ 17.Nxd3 Bd7 18.Qd4 a5 19.f5 b4 20.fxe6 bxc3 21.exd7 
cxb2+ 22.Kxb2 Rab8+ 23.Ka1 Qxd7 24.c4 dxc4 25.Qxc4+ Qd5 26.Qxd5+ Nxd5 27.
Ne5 Nb4 28.Rd2 Rfe8 29.Ree2 Rb5 30.Nd7 Rc8 31.Rd6 h6 32.a3 Nc6 33.Nb6 Rc7 
34.Nd5 Rf7 35.Rxc6 Rf1+ 36.Ka2 Rc1 37.Rb2 1-0

[Event "12th American Continental"]
[Site "Medellin COL"]
[Date "2017.06.11"]
[Round "3.72"]
[White "Zabala Huertas, Fidel"]
[Black "Otalora Pacheco, Carlos Eduardo"]
[Result "0-1"]
[WhiteElo "1972"]
[BlackElo "2175"]
[EventDate "2017.06.10"]
[PlyCount "68"]

1.e4 e5 2.Nf3 Nc6 3.Bb5 a6 4.Ba4 Nf6 5.O-O Be7 6.Bxc6 dxc6 7.Nxe5 Nxe4 8.
d3 Nd6 9.Nc3 O-O 10.Re1 Re8 11.Bf4 Bf6 12.Qf3 Nf5 13.Ng4 Be7 14.Ne4 Be6 
15.c3 Nh4 16.Qg3 Bxg4 17.Qxg4 f5 18.Qg3 fxe4 19.dxe4 Ng6 20.Bxc7 Qd2 21.
Rad1 Qxb2 22.Rb1 Qd2 23.Red1 Qc2 24.Qe3 b5 25.g3 Qxa2 26.h4 Qe6 27.h5 Ne5 
28.f4 Nc4 29.Qd4 Qg4 30.Kf2 Qxh5 31.Rh1 Qf7 32.e5 Bf8 33.Qe4 g6 34.g4 Nd2 
0-1